logo

Bir Sreshtho Munshi Abdur Rouf Library
Jhenaidah Cadet College

Book of Prepositions / (Record no. 5756)

MARC details
000 -LEADER
fixed length control field 00572nam a2200217 a 4500
001 - CONTROL NUMBER
JCCL Control Number 5756
003 - CONTROL NUMBER IDENTIFIER
JCCL marc code BD-JhCC
005 - DATE AND TIME OF LATEST TRANSACTION
control field 20180103175409.0
008 - FIXED-LENGTH DATA ELEMENTS--GENERAL INFORMATION
fixed length control field 171220s2010 i |||| ||a| 000 0 eng d
035 ## - SYSTEM CONTROL NUMBER
system control number (BD-JhCC) 5756
040 ## - CATALOGING SOURCE
Original cataloging agency BD-JhCC
Modifying agency BD-JhCC
041 ## - LANGUAGE CODE
Language code of Book eng
082 ## - DEWEY DECIMAL CLASSIFICATION NUMBER
Classification number 828.2
Author mark and Year KLE 2010
100 ## - MAIN ENTRY--PERSONAL NAME
Personal name Kleiser, Grenville
245 ## - TITLE STATEMENT
Title Book of Prepositions /
Statement of responsibility, etc Grenville Kleiser
260 ## - PUBLICATION, DISTRIBUTION, ETC. (IMPRINT)
Place of publication, distribution, etc India :
Name of publisher, distributor, etc A.P.H. PUBLISHING CORPORATION ,
Date of publication, distribution, etc 2010
300 ## - PHYSICAL DESCRIPTION
Pagination 182 P .:
Dimensions 22 cm.
650 ## - SUBJECT ADDED ENTRY--TOPICAL TERM
Topical term or geographic name as entry element English Language, Preposition
942 ## - ADDED ENTRY ELEMENTS (KOHA)
Source of classification or shelving scheme Dewey Decimal Classification
Koha item type Books
Holdings
Source of classification or shelving scheme Damaged status Not for loan Home library Current library Shelving location Date of accession Total Checkouts Full call number Barcode Date last seen Copy number Koha item type
Dewey Decimal Classification     JCC Rouf Library JCC Rouf Library General Stacks 12/20/2017   828.2 KLE 2010 7923 12/20/2017 C - 1 Books

JCC Library | Contacts | JCC Home

Last Update on 23 September 2017
Copyright @ 2017-2020 JCC Rouf Library
Rouf Library, Jhenidah Cadet College (JCC), Bangladesh